[Event "Russiablitzwomen"]
[Site "?"]
[Date "2016.10.04"]
[Round "22.8"]
[White "Ambartsumova, Karina"]
[Black "Nechaeva, Marina"]
[Result "0-1"]
[LiveChessVersion "1.4.4"]
[BlackElo "2351"]
[WhiteElo "2293"]

1. e4 {[%clk 0:03:03]} c6 {[%clk 0:03:04]} 2. d4 {[%clk 0:03:04]} d5
{[%clk 0:03:05]} 3. f3 {[%clk 0:03:05]} e6 {[%clk 0:03:03]} 4. Nc3
{[%clk 0:03:03]} Bb4 {[%clk 0:03:04]} 5. Nge2 {[%clk 0:02:50]} Ne7
{[%clk 0:02:57]} 6. Be3 {[%clk 0:02:46]} b6 {[%clk 0:02:57]} 7. a3
{[%clk 0:02:45]} Bd6 {[%clk 0:02:56]} 8. Qd2 {[%clk 0:02:40]} Ba6
{[%clk 0:02:56]} 9. e5 {[%clk 0:02:31]} Bc7 {[%clk 0:02:56]} 10. Ng3
{[%clk 0:02:23]} Bxf1 {[%clk 0:02:56]} 11. Nxf1 {[%clk 0:02:23]} c5
{[%clk 0:02:56]} 12. dxc5 {[%clk 0:02:05]} Bxe5 {[%clk 0:02:53]} 13. O-O-O
{[%clk 0:01:23]} Nbc6 {[%clk 0:02:53]} 14. Ne2 {[%clk 0:01:13]} O-O
{[%clk 0:02:48]} 15. cxb6 {[%clk 0:01:12]} axb6 {[%clk 0:02:45]} 16. f4
{[%clk 0:01:11]} Bf6 {[%clk 0:02:43]} 17. g4 {[%clk 0:01:11]} Na5
{[%clk 0:02:34]} 18. Bd4 {[%clk 0:01:05]} Nc4 {[%clk 0:02:34]} 19. Qd3
{[%clk 0:01:07]} Bxd4 {[%clk 0:02:34]} 20. Nxd4 {[%clk 0:01:07]} Qc7
{[%clk 0:02:31]} 21. f5 {[%clk 0:01:01]} e5 {[%clk 0:02:14]} 22. Nb3
{[%clk 0:01:02]} f6 {[%clk 0:02:12]} 23. Ne3 {[%clk 0:01:00]} Rfd8
{[%clk 0:02:11]} 24. Kb1 {[%clk 0:00:55]} b5 {[%clk 0:02:07]} 25. h4
{[%clk 0:00:55]} d4 {[%clk 0:02:07]} 26. Nf1 {[%clk 0:00:50]} Nd5
{[%clk 0:02:01]} 27. g5 {[%clk 0:00:46]} b4 {[%clk 0:01:59]} 28. gxf6
{[%clk 0:00:44]} gxf6 {[%clk 0:02:00]} 29. Rg1+ {[%clk 0:00:44]} Kh8
{[%clk 0:02:01]} 30. Nfd2 {[%clk 0:00:30]} Nxd2+ {[%clk 0:01:59]} 31. Rxd2
{[%clk 0:00:26]} bxa3 {[%clk 0:01:59]} 32. bxa3 {[%clk 0:00:20]} Rxa3
{[%clk 0:01:59]} 33. Rdg2 {[%clk 0:00:21]} Rda8 {[%clk 0:01:35]} 34. Rg7
{[%clk 0:00:17]} Qb6 {[%clk 0:01:12]} 35. Kc1 {[%clk 0:00:18]} Qb4
{[%clk 0:00:55]} 36. Kd1 {[%clk 0:00:14]} Ra1+ {[%clk 0:00:49]} 37. Nxa1 Rxa1+
{[%clk 0:00:50]} 38. Ke2 {[%clk 0:00:10]} Nf4+ {[%clk 0:00:50]} 39. Kf3
{[%clk 0:00:12]} Ra8 {[%clk 0:00:39]} 40. Qe4 {[%clk 0:00:10]} Qc3+
{[%clk 0:00:38]} 41. Kf2 {[%clk 0:00:11]} Qd2+ {[%clk 0:00:36]} 42. Kf3
{[%clk 0:00:10]} Ra3+ {[%clk 0:00:36]} 43. Kg4 {[%clk 0:00:10]} Kxg7
{[%clk 0:00:34]} 44. Qb7+ {[%clk 0:00:09]} Kh6 {[%clk 0:00:35]} 45. Qf7
{[%clk 0:00:09]} Qe2# {[%clk 0:00:36]} 0-1

[Event "Russiablitzwomen"]
[Site "?"]
[Date "2016.10.04"]
[Round "22.9"]
[White "Vasilevich, Tatjana"]
[Black "Severina, Maria"]
[Result "1-0"]
[LiveChessVersion "1.4.4"]
[BlackElo "2266"]
[WhiteElo "2345"]

1. d4 {[%clk 0:03:03]} Nf6 {[%clk 0:03:04]} 2. c4 {[%clk 0:03:05]} e6
{[%clk 0:03:05]} 3. Nc3 {[%clk 0:03:06]} Bb4 {[%clk 0:03:06]} 4. Qc2
{[%clk 0:03:07]} O-O 5. a3 Bxc3+ {[%clk 0:03:07]} 6. Qxc3 {[%clk 0:03:10]} b6
{[%clk 0:03:09]} 7. Bg5 {[%clk 0:03:06]} Bb7 {[%clk 0:03:08]} 8. e3
{[%clk 0:03:06]} d6 {[%clk 0:03:05]} 9. Qc2 {[%clk 0:03:01]} Nbd7
{[%clk 0:02:58]} 10. Ne2 {[%clk 0:03:01]} c5 {[%clk 0:02:52]} 11. Rd1
{[%clk 0:03:01]} Qc7 {[%clk 0:02:47]} 12. Nc3 {[%clk 0:02:57]} a6
{[%clk 0:02:35]} 13. f3 {[%clk 0:02:58]} h6 {[%clk 0:02:34]} 14. Bh4
{[%clk 0:02:56]} cxd4 {[%clk 0:02:17]} 15. Rxd4 d5 16. Bg3 {[%clk 0:02:12]} Qc8
{[%clk 0:01:58]} 17. cxd5 {[%clk 0:01:46]} Nxd5 {[%clk 0:01:58]} 18. e4
{[%clk 0:01:33]} Nxc3 {[%clk 0:01:38]} 19. Qxc3 {[%clk 0:01:34]} Qxc3+
{[%clk 0:01:37]} 20. bxc3 {[%clk 0:01:35]} Nc5 {[%clk 0:01:36]} 21. Bd6
{[%clk 0:01:29]} Rfc8 {[%clk 0:01:31]} 22. Bxc5 {[%clk 0:01:21]} Rxc5
{[%clk 0:01:28]} 23. Kd2 {[%clk 0:01:16]} Rac8 {[%clk 0:01:25]} 24. c4
{[%clk 0:01:07]} Kf8 {[%clk 0:01:23]} 25. Be2 {[%clk 0:00:59]} Ra5
{[%clk 0:01:05]} 26. Rb1 {[%clk 0:00:58]} Rxa3 {[%clk 0:00:50]} 27. Rxb6
{[%clk 0:00:59]} Ra2+ {[%clk 0:00:49]} 28. Ke3 {[%clk 0:00:58]} Bc6
{[%clk 0:00:48]} 29. Rd6 {[%clk 0:00:54]} Be8 {[%clk 0:00:29]} 30. Rxa6
{[%clk 0:00:50]} Rb2 {[%clk 0:00:30]} 31. Rdb6 {[%clk 0:00:47]} Rc2
{[%clk 0:00:29]} 32. Ra7 {[%clk 0:00:39]} Rd8 {[%clk 0:00:25]} 33. Rb1
{[%clk 0:00:20]} Rc3+ {[%clk 0:00:26]} 34. Kf2 {[%clk 0:00:20]} Rd2
{[%clk 0:00:17]} 35. Ke1 {[%clk 0:00:18]} Rd8 {[%clk 0:00:18]} 36. Kf2
{[%clk 0:00:18]} Rd2 {[%clk 0:00:19]} 37. Ke1 {[%clk 0:00:20]} Rd8
{[%clk 0:00:20]} 38. Rd1 {[%clk 0:00:19]} Rb8 {[%clk 0:00:20]} 39. Rd2
{[%clk 0:00:17]} Rb1+ {[%clk 0:00:15]} 40. Kf2 {[%clk 0:00:19]} Rb8
{[%clk 0:00:16]} 41. Rc7 {[%clk 0:00:18]} Ba4 {[%clk 0:00:14]} 42. c5
{[%clk 0:00:15]} Ke8 {[%clk 0:00:11]} 43. Ba6 {[%clk 0:00:12]} Rc1
{[%clk 0:00:05]} 44. Bc8 {[%clk 0:00:10]} Rc3 {[%clk 0:00:05]} 45. Bd7+
{[%clk 0:00:09]} Bxd7 {[%clk 0:00:06]} 46. Rdxd7 {[%clk 0:00:10]} Rb2+
{[%clk 0:00:07]} 47. Kg3 {[%clk 0:00:10]} Rcc2 {[%clk 0:00:08]} 48. Re7+
{[%clk 0:00:11]} Kd8 {[%clk 0:00:09]} 49. Rcd7+ {[%clk 0:00:10]} Kc8
{[%clk 0:00:10]} 50. Rxf7 {[%clk 0:00:07]} Rxg2+ {[%clk 0:00:11]} 51. Kf4
{[%clk 0:00:09]} Rbc2 {[%clk 0:00:10]} 52. Ra7 {[%clk 0:00:08]} Kb8
{[%clk 0:00:10]} 53. Rae7 {[%clk 0:00:08]} Rxc5 {[%clk 0:00:10]} 54. Rf8+
{[%clk 0:00:07]} Rc8 {[%clk 0:00:11]} 55. Rff7 {[%clk 0:00:07]} Rc3
{[%clk 0:00:11]} 56. Rxg7 {[%clk 0:00:08]} Rxh2 {[%clk 0:00:09]} 57. Rxe6
{[%clk 0:00:09]} Rh3 {[%clk 0:00:08]} 58. Re8+ {[%clk 0:00:09]} Rc8
{[%clk 0:00:09]} 59. Rxc8+ {[%clk 0:00:10]} Kxc8 {[%clk 0:00:10]} 60. Kg4
{[%clk 0:00:10]} Rh1 {[%clk 0:00:11]} 61. Rh7 {[%clk 0:00:12]} Kd7
{[%clk 0:00:12]} 1-0